You can overcome any problem. (Record no. 12741)

000 -LEADER
fixed length control field 00552nam a2200181 a 4500
001 - CONTROL NUMBER
control field :::00010555$&:&@@
003 - CONTROL NUMBER IDENTIFIER
control field OkBaRHE
005 - DATE AND TIME OF LATEST TRANSACTION
control field 20000607103400.0
008 - FIXED-LENGTH DATA ELEMENTS--GENERAL INFORMATION
fixed length control field s1971 j 000 0 eng u
040 ## - CATALOGING SOURCE
Transcribing agency
100 1# - MAIN ENTRY--PERSONAL NAME
Personal name Peale, Norman Vincent.
245 10 - TITLE STATEMENT
Title You can overcome any problem.
260 ## - PUBLICATION, DISTRIBUTION, ETC. (IMPRINT)
Place of publication, distribution, etc Pawling, NY., :
Name of publisher, distributor, etc Foundation for Christian Living
Date of publication, distribution, etc c1971
300 ## - PHYSICAL DESCRIPTION
Extent 32 p. ;
Dimensions 16 cm.
650 ## - SUBJECT ADDED ENTRY--TOPICAL TERM
Topical term or geographic name as entry element Christian Life
942 ## - ADDED ENTRY ELEMENTS (KOHA)
Source of classification or shelving scheme
Koha item type Books
Copies
Permanent Location Not for loan Date last seen Full call number Price effective from Barcode Copy number Damaged status Koha item type Shelving location Date acquired Withdrawn status Source of classification or shelving scheme Lost status
RHEMA Bible Training College 2010-04-14BV 4501 .P42010-04-14105551 BooksGeneral Stacks2010-04-14